Appellations of Southern France (typing) - Statistics

General Stats
  • This quiz has been taken 192 times
    177 since last reset
  • The average score is 6 of 9
Answers on the Map
Answers color-coded by a green-red scale on the quiz's map according to % correct below.
 
Answer Stats
Appellation % Correct
Bandol
89%
Côtes de Provence
87%
Pays d'Oc
78%
Corbières
69%
Minervois
69%
Côtes du Roussillon
64%
Côtes du Roussillon Villages
56%
Picpoul de Pinet
56%
Fitou
53%
No matching quizzes found
Score Distribution
Percent of People with Each Score
Percentile by Number Answered
Your Score History
You have not taken this quiz since the last reset